000 00311nam a22001337a 4500
008 180130b xxu||||| |||| 00| 0 eng d
020 _a9781560558774
041 _aeng
080 _a617
100 _a8
101 _aOFT
245 _aOphthalmic pathology and intraocular tumors
_cBrown,H,H
942 _2udc
_cBK
999 _c41284
_d41284